000 01026nam a2200337 i 4500
001 000010830
003 DO-SdBNP
005 20260318134649.0
007 ta
008 091012s2009 dr 000 m spa d
020 _a9789945002324
040 _aDO-SdBNP
_bSpa
_cBNPHU
_erda
041 _aspa
082 4 _aRD860.44
_bM878e
_222
100 1 _aMorrison, Mateo,
_d1947-
_eautor
_4aut.
_91469
245 1 0 _aMateo Morrison :
_bEstático en la memoria y otros textos /
_cMateo Morrison.
250 _aprimera edición
264 1 _aSanto Domingo :
_bSantuario,
_c2009.
300 _a90 páginas ;
_c21 cm.
336 _atexto
_btxto
_2rdacontent
337 _asin mediación
_bn
_2rdamedia
338 _avolumen
_bnc
_2rdacarrier
490 1 _aSantuario
_v86
590 _aInventariado, 2018 /LP
650 4 _aLiteratura dominicana.
_967
650 4 _aPoesía dominicana
_966
650 4 _aCuentos dominicanos
_9176
830 0 _aSantuario ;
_n86
_926156
910 _aValidado. Control de calidad MFF
942 _2ddc
_cLBS1
999 _c10579
_d10579